| 000 | 01007cam a2200313 i 4500 | ||
|---|---|---|---|
| 001 | 000004334 | ||
| 003 | DO-SdBNP | ||
| 005 | 20230529104633.0 | ||
| 007 | ta | ||
| 008 | 840302s1974 sp 001 0 spa | ||
| 020 | _a8471560240 | ||
| 040 |
_aDO-SdBNP _cBNPHU _bspa _erda |
||
| 082 | 4 |
_bM662p _222 |
|
| 100 | 1 |
_aMilton, John, _d1608-1674. _912782 |
|
| 245 | 1 | 3 |
_aEl Paraíso perdido / _cJohn Milton ; traducción y prólogo, A. Espina. |
| 250 | _a3a ed. | ||
| 264 |
_aMadrid : _bMediterraneo, _c1974. |
||
| 300 |
_a148 páginas ; _c19 cm. |
||
| 336 |
_2rdacontent _atexto _btxt |
||
| 337 |
_2rdamedia _asin mediación _bn |
||
| 338 |
_2rdacarrier _avolumen _bnc |
||
| 490 |
_aEdime _v20 |
||
| 500 | _aIncluye referencias bibliográficas, notas al pie de páginas e índice. | ||
| 534 | _aTítulo original : Paradise lost | ||
| 600 | 0 | 0 |
_aAdam _c(Biblical figure) _vPoetry. _912785 |
| 600 | 0 | 0 |
_aEve _c(Biblical figure) _vPoetry. _912786 |
| 700 | 1 |
_aEspina, A., _etraductor, _912788 |
|
| 942 |
_2ddc _cLBS1 |
||
| 999 |
_c4143 _d4143 |
||